Peri Komplex

Enregistré dans:
Détails bibliographiques
Auteur principal: Bederka, Marián (Auteur)
Autres auteurs: Makýš, Peter (Directeur de thèse)
Format: Manuscrit Livre
Langue:slovaque
Publié: 2015
Sujets:
Accès en ligne:http://is.stuba.sk/zp/portal_zp.pl?podrobnosti=111973
https://opac.crzp.sk/?fn=detailBiblioForm&sid=A1BE4CBC10A6410E23D07A8DE444
Tags: Ajouter un tag
Pas de tags, Soyez le premier à ajouter un tag!

MARC

LEADER 00000ntm a22000003a 4500
001 stuzp53168
003 SK-STU
005 20231010134436.5
007 ta
008 150427s2015----xo-----f-mn---000-0-slo-d
040 |a STU  |b slo 
041 0 |a slo 
100 1 |a Bederka, Marián  |u 010270  |4 aut  |U SvF Stavebná fakulta  |T SvF Katedra technológie stavieb  |X 7086  |U V270  |Y 28  |7 A000007086 
242 0 1 |a Peri Komplex  |y eng 
245 1 0 |a Peri Komplex 
260 |c 2015 
650 4 |a Debnenie  |2 slo 
650 4 |a Stropná doska  |2 slo 
650 4 |a Zariadenie staveniska  |2 slo 
650 4 |a the ceiling board  |2 eng 
650 4 |a site equipment  |2 eng 
650 4 |a formwork  |2 eng 
700 1 |a Makýš, Peter  |4 ths  |X 2751  |7 A000002751 
856 4 |u http://is.stuba.sk/zp/portal_zp.pl?podrobnosti=111973 
856 4 |u https://opac.crzp.sk/?fn=detailBiblioForm&sid=A1BE4CBC10A6410E23D07A8DE444 
SQL |a stuzp53168  |b DDP  |c SLO  |d Peri Komplex  |e 7086  |f Bederka, Marián  |g 010270  |h 2751  |i Makýš, Peter  |j 20150617  |k 681  |l 01  |m http://is.stuba.sk/zp/portal_zp.pl?podrobnosti=111973  |n I-TS  |o 5.2.8. stavebníctvo